Star Wars Weapons - Sudden Death - Statistics

General Stats
  • This quiz has been taken 181 times
  • The average score is 3 of 16
Answers on the Grid
Answers color-coded by a green-red scale on the quiz's grid according to % correct below.
E-11
E-11D
E-10
E-22
E-5
DL-44
E-5s
DLT-19
DLT-20
DL-18
WESTAR-34
WESTAR-35
Wookie Bowcaster
Cycler Rifle
EE-3
MA5C
MA5D
MA5B
BR55
BR55H
SRS99
SPNKR
Fuel Rod Cannon
DMR
E-7
DLT-24
Wookie Crossbow
DL-34
M6D
M7
Lightning Gun
Plasma Rifle
 
Answer Stats
Answer % Correct
Wookie Bowcaster
49%
E-11
36%
E-11D
32%
Cycler Rifle
29%
DL-44
29%
DLT-19
26%
DL-18
22%
WESTAR-34
19%
E-5
17%
E-10
16%
EE-3
16%
WESTAR-35
14%
DLT-20
13%
E-5s
12%
E-22
11%
Lightning Gun
4%
No matching quizzes found
Score Distribution
Percent of People with Each Score
Percentile by Number Answered
Your Score History
You have not taken this quiz